000 00289nam a22001217a 4500
003 OSt
008 231026b |||||||| |||| 00| 0 eng d
041 _ahin
100 _aPremchand
_95537
245 _aRangabhoomi
260 _aLucnow
_bSreedularelal adhyaksh ganga pusthakamala
942 _cBK
999 _c17753
_d17753